Distributed systems :(E BOOK) (Record no. 208929)

000 -LEADER
fixed length control field 00662 a2200205 4500
003 - CONTROL NUMBER IDENTIFIER
control field Nust
005 - DATE AND TIME OF LATEST TRANSACTION
control field 20170207164424.0
010 ## - LIBRARY OF CONGRESS CONTROL NUMBER
LC control number 2011499013
020 ## - INTERNATIONAL STANDARD BOOK NUMBER
International Standard Book Number 0132143011
020 ## - INTERNATIONAL STANDARD BOOK NUMBER
International Standard Book Number 9780132143011
040 ## - CATALOGING SOURCE
Transcribing agency Nust
082 00 - DEWEY DECIMAL CLASSIFICATION NUMBER
Classification number 005.4/476
245 00 - TITLE STATEMENT
Title Distributed systems :(E BOOK)
Remainder of title concepts and design /
Statement of responsibility, etc. George Coulouris ... [et al.].
250 ## - EDITION STATEMENT
Edition statement 5th ed.
260 ## - PUBLICATION, DISTRIBUTION, ETC.
Place of publication, distribution, etc. Boston :
Name of publisher, distributor, etc. Addison-Wesley,
Date of publication, distribution, etc. c2012.
300 ## - PHYSICAL DESCRIPTION
Extent xvi, 1047 p. :
Other physical details ill. ;
Dimensions 24 cm.
500 ## - GENERAL NOTE
General note Rev. ed. of: Distributed systems : concepts and design / George Coulouris. 4th ed. 2005.
650 #0 - SUBJECT ADDED ENTRY--TOPICAL TERM
Topical term or geographic name entry element Electronic data processing
General subdivision Distributed processing.
700 1# - ADDED ENTRY--PERSONAL NAME
Personal name Coulouris, George F.
942 ## - ADDED ENTRY ELEMENTS (KOHA)
Source of classification or shelving scheme
Koha item type Book
Holdings
Withdrawn status Lost status Source of classification or shelving scheme Damaged status Not for loan Collection code Permanent Location Current Location Date acquired Total Checkouts Full call number Barcode Date last seen Price effective from Koha item type
            Military College of Signals (MCS) Military College of Signals (MCS) 12/12/2016   005.4/476 MCSEB-1045 12/08/2016 12/12/2016 Book
© 2023 Central Library, National University of Sciences and Technology. All Rights Reserved.